Missing Word: Corporate Slogans Quiz Stats

 Plays Quiz Updated Aug 23, 2014

Support Sporcle.
Go Orange.
Score 0/13 Timer 01:00
1 Play Today
Slogan Missing Word % Correct
____ Do ItJust
98.7%
Have It ____ WayYour
90.4%
I'm ____ ItLovin'
83.6%
Taste the ____Rainbow
80.3%
It's Waaaaay Better Than ____ Food, It's Wendy'sFast
71.3%
____ Life by the HornsGrab
70.6%
Eat ____Fresh
64.1%
Your ____ DeliveredWorld
45.4%
Ideas for ____Life
42.5%
Mentally ____ DiversionsStimulating
34%
Let's Build a ____ PlanetSmarter
23.1%
____ the BarRaising
18%
Rule the ____Air
11.5%

Today's Daily Dose

Missing Word
2Pac (A-Z)

Word Ladder
EST Words

Quick Pick
NBA MVP

Get the Picture
'A' Animals

You're not logged in!

Compare scores with friends on all Sporcle quizzes.
OR
Log In

From the Vault

Which Band?

by NSinOZ

Don't worry, if you get a low score, you won't get in treble.
Remove Ads.
Support Sporcle.
Get the best of Sporcle when you Go Orange. This ad-free experience offers more features, more stats, and more fun while also helping to support Sporcle. Thank you for becoming a member.

Show Comments

Extras

Top Quizzes Today


Score Distribution

Your Account Isn't Verified!

In order to create a playlist on Sporcle, you need to verify the email address you used during registration. Go to your Sporcle Settings to finish the process.

Report this User

Report this user for behavior that violates our Community Guidelines.

Details: